003390000a220007300045001000018000002450153000183000047001717730047002181 aZvi, Ehud Ben10aObservations on the marital metaphor of YHWH and Israel in its ancient israelite context : General considerations and particular images in Hosea 1.2 aVol. 28, Núm 3 (2004), Páginas 363-3840 tJournal for the Study of the Old Testament